000
00340nam a2200133Ia 4500
008
240624s9999 xx 000 0 und d
041
_a
eng
082
_a
200 THA
100
_a
THAROOR SHASHI
245
_a
HINDU WAY AN INTRODUCTION TO HINDUISM
260
_c
2019
_a
New Delhi
_b
Aleph Book Company
300
_a
340 p.; 17 cm.
365
_c
RS
999
_c
31912
_d
31912